| 000 | 01236cam a2200349 a 4500 | ||
|---|---|---|---|
| 001 | 11823650 | ||
| 003 | OSt | ||
| 005 | 20200602110626.0 | ||
| 008 | 990721s1999 ii ab bs 001 0 eng | ||
| 010 | _a 99937304 | ||
| 020 | _a812501697X | ||
| 020 | _a9788125016977 | ||
| 025 | _aI-E-99-937304; 61-91 | ||
| 035 | _a(DLC) 99937304 | ||
| 037 |
_bLibrary of Congress -- New Delhi Field Office _cRs225.00 |
||
| 040 |
_aDLC _coclc _dDLC |
||
| 042 | _alcode | ||
| 043 | _aa-ii--- | ||
| 050 | 0 | 0 |
_aHF3785 _b.B27 1999 |
| 082 | 0 | 0 |
_a338.954009041 _bBAN/C |
| 100 |
_aBanerjee, Debdas _92470 |
||
| 245 | 1 | 0 |
_aColonialism in action : _btrade, development, and dependence in late colonial India / _cDebdas Banerjee |
| 260 |
_aHyderabad : _bOrient Longman, _c1999. |
||
| 300 | _a231p | ||
| 500 | _aIncludes statistical tables. | ||
| 504 | _aIncludes bibliographical references (p. [199]-217) and index. | ||
| 651 | 0 |
_aIndia _xCommerce. |
|
| 651 | 0 |
_aIndia _xHistory _yBritish occupation, 1765-1947. |
|
| 906 |
_a7 _bcbc _corigode _d3 _encip _f19 _gy-gencatlg |
||
| 942 |
_2ddc _cBK _h338.954009041 _iBAN/C _k338.954009041 _mBAN/C |
||
| 999 |
_c20893 _d20893 |
||